Szczegóły MARC21

Bibliografia z Zakresu Historii i Krytyki Literatury dla Dzieci, Bibliotekarstwa i Czytelnictwa Dziecięcego za ... R. /

001 -Numer kontrolny rekordu [,]
    • @
    • pole kontrolne
    • cc97206708
005 -Data i czas ostatniej zmiany [,]
    • @
    • Data ostatniej zmiany
    • 20241231090639.0
035 -Inne numery kontrolne [ , ]
    • a
    • Numer kontrolny
    • (OCoLC)68746017
035 -Inne numery kontrolne [ , ]
    • a
    • Numer kontrolny
    • (NUKAT)cc97206708
040 -Instytucja sporządzająca opis [ , ]
    • a
    • Instytucja, która sporządziła opis (NP)
    • KR U/MBK
    • c
    • Instytucja, która sporządziła rekord (NP)
    • KR U/MBK
    • d
    • Instytucja, która zmodyfikowała rekord (P)
    • WR U/MK
    • d
    • Instytucja, która zmodyfikowała rekord (P)
    • Ł U/RRs
    • d
    • Instytucja, która zmodyfikowała rekord (P)
    • KR U/EPl
    • d
    • Instytucja, która zmodyfikowała rekord (P)
    • WA M/MB
    • d
    • Instytucja, która zmodyfikowała rekord (P)
    • KR U/JW
    • d
    • Instytucja, która zmodyfikowała rekord (P)
    • WR O/DA
942 -Rodzaj dokumentu [ , ]
    • c
    • Rodzaj dokumentu
    • Wydaw. ciągłe w tym czasopisma
245 -Strefa tytułu i oznaczenia odpowiedzialności [0,0]
    • a
    • Tytuł
    • Bibliografia z Zakresu Historii i Krytyki Literatury dla Dzieci, Bibliotekarstwa i Czytelnictwa Dziecięcego za ... R. /
    • c
    • Pozostałe elementy strefy tytułu i oznaczenia odpowiedzialności (NP)
    • Biblioteka Publiczna m. st. Warszawy. Muzeum Książki Dziecięcej.
260 -Strefa adresu wydawniczego [ , ]
    • a
    • Miejsce wydania (P)
    • Warszawa :
    • b
    • Nazwa wydawcy (P)
    • Biblioteka Publiczna m. st. Warszawy,
    • c
    • Data wydania (P)
    • 1964-.
300 -Strefa opisu fizycznego [ , ]
    • c
    • Format (NP)
    • 30 cm.
362 -Strefa numeracji [0, ]
    • a
    • Strefa numeracji
    • 1964, 1 półrocze -.
776 -Tytuł wydania na innym nośniku [0, ]
    • t
    • Title
    • Bibliografia z Zakresu Historii i Krytyki Literatury dla Dzieci, Bibliotekarstwa i Czytelnictwa Dziecięcego za Rok ...
500 -Uwaga ogólna [ , ]
    • a
    • Uwaga ogólna (NP)
    • Od R. 1993 format 21 cm.
530 -Uwaga dot. innej postaci fizycznej dokumentu [ , ]
    • a
    • Uwaga dot. innej postaci fizycznej dokumentu
    • Dostępne również w formie elektronicznej.
536 -Uwaga dot. finansowania książki [ , ]
    • a
    • Tekst uwagi
    • Z zasiłku Ministerstwa Kultury i Sztuki Departamentu Pracy Kulturalno-Oświatowej i Bibliotek
550 -Uwaga dot. instytucji sprawczej [ , ]
    • a
    • Uwaga dot. instytucji sprawczej
    • Od 1999 [wyd.2001] / Biblioteka Publiczna Miasta Stołecznego - Warszawy. Biblioteka Główna Województwa Mazowieckiego.
650 -Hasło przedmiotowe - nazwa pospolita [ ,7]
    • a
    • Hasło przedmiotowe
    • Bibliotekarstwo
    • z
    • Określnik geograficzny
    • Polska
    • y
    • Określnik chronologiczny
    • 1990-
650 -Hasło przedmiotowe - nazwa pospolita [ ,7]
    • a
    • Hasło przedmiotowe
    • Literatura dla młodzieży
    • z
    • Określnik geograficzny
    • Polska
    • y
    • Określnik chronologiczny
    • 1990-
650 -Hasło przedmiotowe - nazwa pospolita [ ,7]
    • a
    • Hasło przedmiotowe
    • Książki i czytanie
    • z
    • Określnik geograficzny
    • Polska
    • y
    • Określnik chronologiczny
    • 1990-
710 -Hasło dodatkowe - nazwa ciała zbiorowego [2, ]
    • a
    • Nazwa ciała zbiorowego lub nazwa geograficzna jako pierwszy element (NP)
    • Biblioteka Publiczna m.st. Warszawy.
    • b
    • Nazwa jednostki podrzędnej (P)
    • Dział Muzeum Książki Dziecięcej.
710 -Hasło dodatkowe - nazwa ciała zbiorowego [2, ]
    • a
    • Nazwa ciała zbiorowego lub nazwa geograficzna jako pierwszy element (NP)
    • Biblioteka Publiczna m.st. Warszawy - Biblioteka Główna Województwa Mazowieckiego.
776 -Tytuł wydania na innym nośniku [0, ]
    • c
    • Qualifying information
    • (CD-ROM)
    • g
    • Relationship information
    • 2008-
    • w
    • Record control number
    • (NUKAT)xx001959414
856 -Lokalizacja i sposób dostępu do dokumentu elektronicznego [4,1]
    • u
    • URI
    • http://mbc.cyfrowemazowsze.pl/dlibra/publication/32795?tab=1
866 -Niesformalizowane zestawienie zasobów [4,0]
    • 1
    • Numer porządkowy egz.
    • 1
    • 8
    • Numer przyłączenia i sekwencyjny
    • 0
852 -Numer inwentarzowy [ , ]
    • 1
    • Numer porządkowy egz.
    • 1
    • a
    • Lokalizacja siglum biblioteki
    • SZCZ U
952 -Egzemplarz [ , ]
    • a
    • Numer inwentarzowy
    • Pc.1921
    • c
    • Sygnatura
    • Pc.1921
    • d
    • Lokalizacja
    • BM Biblioteka Międzywydziałowa
    • h
    • Uwagi
    • klocek introligatorski
    • i
    • Nr tomu wydaw.cg
    • 1977-1985 wyd. 1987
    • p
    • Kod kreskowy
    • 2003900019217
    • r
    • Cena
    • 15.00
    • y
    • Status udostępniania
    • Tylko na miejscu
    • z
    • Sposób nabycia